000 00992nam a22002537a 4500
999 _c102198
_d102198
005 20230213144346.0
010 _a1617EN ENG-117137
020 _a9780670087143
_c699.00
035 _aB-650151-157
035 _aEN-100669
035 _aB-664934
037 _aDPL
_bUPPAL
037 _bDBAD/PUB
082 _a616.042
100 _aMukherjee, Siddhartha
245 _aThe gene:
_ban intimate history /
_cby Siddhartha Mukherjee
260 _aGurgaon
_bPenguin Books
_c2016
270 _a7th Floor, Infinity Toer C, DLF Cyber City
_bGurgaon (Haryana)
_e122002
300 _aix,592p.
_c25cm(Hb)
500 _aincluds index
942 _2ddc
_cEN
_h616.042
_mMUK